1120 1097 1871 1008 1436 1963 1397 1490 1909 1182 1712 1581 1594 1877 1140 1219 1832 1002 1726 1761 1448 1461 1761 1327 1543 1677 1274 1150 1476 1877 1032 1878 1413 1567 1891 1300 1051 1183 1712 1482 1021 1510 1417 1163 1688 1509 1135 1585 1266 1687 1480 1496 1748 1344 1191 1715 1985 1509 1886 1293 1713 1293 1188 1396 1030 1613 1069 1041 1790 1277 1211 1194 1217 1597 1375 1676 1693 1936 1847 1337 1415 1388 1059 1301 1816 1831 1571 1223 1728 1890 1711 1190 1534 1286 1459 1259 1575 1358 1076 BCNSPRNW ULIB Ver.6.0+V

เปลี่ยนเป็นภาษาไทย

Change to English
 แสดงรายละเอียดบรรณานุกรม
  กลับหน้าหลัก

Brief Record : Get Marc (ISO 2709) : E-mail record : QR code < ปิดหน้าต่าง
LEADER : 00000nam 2200000uu 4500
001    13399120602
003     ULIB
008    120928s2550||||th 000 0 tha d
020    ^a9789749992999
041 0  ^atha
060 04 ^aWY100.5^bว255ก 2550
100 0  ^aวรรณภา ศรีธัญรัตน์ และผ่องพรรณ อรุณแสง
245 10 ^aการพัฒนางานประจำสู่นวัตกรรม :^bการพยาบาลเอื้ออาทรผู้สูงอายุ /^cวรรณภา ศรีธัญรัตน์, ผ่องพรรณ อรุณแสง
246 30 ^aการพยาบาลเอื้ออาทรผู้สูงอายุ
250    ^aพิมพ์ครั้งที่ 1
260    ^aขอนแก่น :^bคณะพยาบาลศาสตร์ มหาวิทยาลัยขอนแก่น,^c2550
300    ^aก-ฉ, 91 หน้า :^bภาพประกอบ ;^c21 ซม.
650  7 ^aการพยาบาลผู้สูงอายุ
700 0  ^aผ่องพรรณ อรุณแสง
710 2  ^aมหาวิทยาลัยขอนแก่น. ^bคณะพยาบาลศาสตร์
945    ^p50^l0^i24838
999 ^a ใช้งานได้ทุกระบบ
รายการนี้ยังไม่มีแท็ก
คุณยังไม่ได้ล็อกอิน คุณสามารถมีกิจกรรมร่วมกับเว็บไซต์ได้ แต่ต้องล็อกอินก่อน ::
  ล็อกอิน

รายการสื่อสารสนเทศ

ลำดับที่ ประเภท เลขเรียก/บาร์โค้ด สถานที่ สถานะ
1. วิทยาศาสตร์การแพทย์ และสุขภาพ
วิทยาศาสตร์การแพทย์ และสุขภาพ
WY100.5 ว255ก 2550  
  Barcode: 24838
ห้องสมุดวิทยาเขตสวรรค์ประชารักษ์
►ส่วนจัดเก็บหนังสือเก่า สปร
บนชั้น
  ขอยืม

รายการใกล้เคียง
    หัวเรื่อง [การพยาบาลผู้สูงอายุ]

BibComment


ยังไม่เคยถูกคอมเมนท์

คอมเมนท์ทรัพยากรรายการนี้
  คอมเมนท์: การพัฒนางานประจำ..


 Copyright 2026. Bcnsprnw @Library